| 000 -LEADER |
| fixed length control field |
00520nam a22001577a 4500 |
| 020 ## - INTERNATIONAL STANDARD BOOK NUMBER |
| ISBN |
9789719655015 |
| 082 ## - DEWEY DECIMAL CLASSIFICATION NUMBER |
| Classification number |
495.15 |
| Item number |
G573 2022 |
| 100 ## - MAIN ENTRY--AUTHOR NAME |
| Personal name |
Go, Christopher Robert G., author. |
| 245 ## - TITLE STATEMENT |
| Title |
Advanced Mandarin language course / Christopher Robert G. Go., MS. |
| 260 ## - PUBLICATION, DISTRIBUTION, ETC. (IMPRINT) |
| Place of publication |
Manila : |
| Name of publisher |
Mindshapers Co., Inc., |
| Year of publication |
©2022. |
| 300 ## - PHYSICAL DESCRIPTION |
| Number of Pages |
vi, 99 pages ; |
| Other physical details |
23 cm |
| 500 ## - GENERAL NOTE |
| General note |
Includes bibliographical references. |
| 650 ## - SUBJECT ADDED ENTRY--TOPICAL TERM |
| Topical Term |
Chinese language -- Grammar. |
| 650 ## - SUBJECT ADDED ENTRY--TOPICAL TERM |
| Topical Term |
Chinese language -- Self-instruction. |
| 942 ## - ADDED ENTRY ELEMENTS (KOHA) |
| Koha item type |
Books |